The empowered manager: positive political skill at work (Record no. 35720)

MARC details
000 -LEADER
fixed length control field 00423nam a2200169Ia 4500
020 ## - INTERNATIONAL STANDARD BOOK NUMBER
ISBN 1- 55542- 019- 2
050 ## - CALL MARK
Classification number HD 58.7 .B58/
100 ## - STATEMENT OF RESPONSIBILITY--MAIN AUTHOR NAME
Personal name Peter Block
245 #4 - TITLE STATEMENT
Title The empowered manager: positive political skill at work
260 ## - PUBLICATION, DISTRIBUTION, ETC. (IMPRINT)
Name of publisher Jossey- bass
260 ## - PUBLICATION, DISTRIBUTION, ETC. (IMPRINT)
Year of publication 1987
300 ## - PHYSICAL DESCRIPTION
Number of Pages 204 p
650 ## - SUBJECT ADDED ENTRY--TOPICAL TERM
Topical Term Office politics
942 ## - ADDED ENTRY ELEMENTS (KOHA)
Koha item type Books
Holdings
Withdrawn status Lost status Source of classification or shelving scheme Damaged status Not for loan Permanent Location Current Location Date acquired Accession Number Price effective from Koha item type
    Library of Congress Classification     NILE UNIVERSITY OF NIGERIA - MAIN LIBRARY NILE UNIVERSITY OF NIGERIA - MAIN LIBRARY 04/23/2025 0003062 04/23/2025 Books